000 00477nam a2200169 4500
001 137033
003 ES-MaACL
005 20230906195307.0
007 t|
008 070214s1987 cr r ||||1| spa d
100 1 _aSalas, Germán.
_9101730
245 1 0 _aArbol del Universo /
_cGermán Salas.
260 _aSan José de Costa Rica :
_b[s. n.],
_c1987.
300 _a54 p. ;
_c18 cm.
500 _aDedicatoria autógrafa del autor.
852 _aES-MaACL
_jL-12659
_bR.114726
999 _c137033
_d137033